|
|
|
|
| LEADER |
01568nam a2200385 a 4500 |
| 001 |
EBC291579 |
| 003 |
MiAaPQ |
| 005 |
20200520144314.0 |
| 006 |
m o d | |
| 007 |
cr cn||||||||| |
| 008 |
081017s2007 enk sb 100 0 eng d |
| 020 |
|
|
|z 9781846633485
|
| 020 |
|
|
|z 9781846633492
|
| 035 |
|
|
|a (MiAaPQ)EBC291579
|
| 035 |
|
|
|a (Au-PeEL)EBL291579
|
| 035 |
|
|
|a (CaPaEBR)ebr10172263
|
| 035 |
|
|
|a (CaONFJC)MIL84731
|
| 035 |
|
|
|a (OCoLC)808611154
|
| 040 |
|
|
|a MiAaPQ
|c MiAaPQ
|d MiAaPQ
|
| 050 |
|
4 |
|a Z672.5
|b .S53 2006
|
| 110 |
2 |
|
|a Shanghai International Library Forum
|n (3rd :
|d 2006 :
|c Shanghai, China)
|
| 245 |
1 |
0 |
|a Selected papers from the 3rd Shanghai International Library Forum
|h [electronic resource] /
|c editor, Stephen O'Connor.
|
| 260 |
|
|
|a [Bradford, England] :
|b Emerald,
|c 2007.
|
| 300 |
|
|
|a 108 p.
|
| 490 |
1 |
|
|a Library management (Bradford, England),
|x 0143-5124 ;
|v v. 28, no. 1/2
|
| 490 |
0 |
|
|a Management innovation and library services ;
|v pt. 2
|
| 504 |
|
|
|a Includes bibliographical references.
|
| 533 |
|
|
|a Electronic reproduction. Ann Arbor, MI : ProQuest, 2015. Available via World Wide Web. Access may be limited to ProQuest affiliated libraries.
|
| 650 |
|
0 |
|a Library science
|v Congresses.
|
| 650 |
|
0 |
|a Information science
|v Congresses.
|
| 655 |
|
4 |
|a Electronic books.
|
| 700 |
1 |
|
|a O'Connor, Stephen.
|
| 710 |
2 |
|
|a ProQuest (Firm)
|
| 830 |
|
0 |
|a Library management (Bradford, West Yorkshire, England) ;
|v v. 28, no. 1/2.
|
| 856 |
4 |
0 |
|u https://ebookcentral.proquest.com/lib/matrademy/detail.action?docID=291579
|z Click to View
|